[Event "KP MKSS 23/24, Ostrava-Poruba E"]
[Site ""]
[Date "2024.01.07"]
[Round "5.2"]
[White "Dostal, Radim"]
[Black "Krajina, Ales"]
[Result "1/2-1/2"]
[WhiteFideId "312240"]
[BlackFideId "302112"]
[WhiteElo "1927"]
[BlackElo "2148"]
[PlyCount "0"]
[WhiteTeam "SK Slavoj Poruba E"]
[BlackTeam "TJ Ostrava B"]
[EventDate "2023.10.22"]

1. e4 Nf6 2. e5 Ng8 3. d4 d5 4. f4 Nh6 5. Nf3 Bf5 6. Bd3 e6 7. O-O c5 8. Nc3
Nc6 9. Ne2 Qb6 10. Kh1 Rc8 11. c3 Be7 12. Bxf5 Nxf5 13. g4 Nh4 14. f5 Nxf3 15.
Rxf3 cxd4 16. cxd4 h5 17. fxe6 fxe6 18. Rb3 Qa6 19. Nf4 Kd7 20. gxh5 Rhf8 21.
Be3 Na5 22. Rc3 Nc4 23. Ng6 Rf7 24. Nxe7 Nxe3 25. Rxe3 Rcf8 26. Qe2 Qxe2 27.
Rxe2 Kxe7 28. Rg2 Rf1+ 29. Rxf1 Rxf1+ 30. Rg1 Rf7 31. Kg2 Rf4 1/2-1/2

[Event "KP MKSS 23/24, Ostrava-Poruba E"]
[Site ""]
[Date "2024.01.07"]
[Round "5.3"]
[White "Kanok, Jaroslav"]
[Black "Dobes, Ludek"]
[Result "1/2-1/2"]
[WhiteFideId "312312"]
[BlackFideId "305090"]
[WhiteElo "2135"]
[BlackElo "1943"]
[PlyCount "0"]
[WhiteTeam "TJ Ostrava B"]
[BlackTeam "SK Slavoj Poruba E"]
[EventDate "2023.10.22"]

1. Nf3 Nf6 2. b3 g6 3. Bb2 Bg7 4. d3 d6 5. c4 c5 6. Nc3 O-O 7. Qd2 Nc6 8. e3 b6
9. Be2 Bb7 10. O-O d5 11. cxd5 Nxd5 12. Rfd1 Nxc3 13. Bxc3 e6 14. Rac1 Qe7 15.
d4 cxd4 16. Nxd4 Nxd4 17. Bxd4 Bxd4 18. Qxd4 Rfd8 19. Qa4 a5 20. Rd4 Rac8 21.
Rxd8+ Qxd8 22. Rxc8 Qxc8 23. h4 Qc1+ 24. Kh2 Qe1 25. Qf4 Qxe2 26. Qb8+ Kg7 27.
Qe5+ f6 28. Qc7+ Kh6 29. Qxb7 Qxf2 30. Qxb6 Qxh4+ 31. Kg1 1/2-1/2

[Event "KP MKSS 23/24, Ostrava-Poruba E"]
[Site ""]
[Date "2024.01.07"]
[Round "5.4"]
[White "Kondula, Lukas"]
[Black "Polacek, Michal"]
[Result "0-1"]
[WhiteFideId "335460"]
[BlackFideId "319325"]
[WhiteElo "1863"]
[BlackElo "1953"]
[PlyCount "0"]
[WhiteTeam "SK Slavoj Poruba E"]
[BlackTeam "TJ Ostrava B"]
[EventDate "2023.10.22"]

1. e4 c5 2. Nc3 Nc6 3. f4 e6 4. Nf3 d5 5. e5 Nge7 6. g3 Nf5 7. Bg2 Be7 8. d3 a6
9. O-O b5 10. g4 Nfd4 11. Nxd4 Nxd4 12. Ne2 Nc6 13. c3 Bb7 14. d4 cxd4 15. Nxd4
Nxd4 16. cxd4 Rc8 17. Be3 Rc4 18. Qd3 Qa5 19. f5 Bc8 20. g5 Qd8 21. f6 gxf6 22.
gxf6 Bf8 23. b3 Rc6 24. Rac1 Bd7 25. Rxc6 Bxc6 26. Rc1 Qb6 27. Qe2 Kd7 28. Bxd5
exd5 29. Qg4+ Kc7 30. e6 Ba3 31. Rc2 fxe6 32. Qxe6 Kb7 33. f7 Rf8 34. Kh1 Qc7
35. Bf4 Qxf4 36. Qxc6+ Ka7 37. Qd7+ Kb6 38. Rc6+ Ka5 0-1

[Event "KP MKSS 23/24, Ostrava-Poruba E"]
[Site ""]
[Date "2024.01.07"]
[Round "5.5"]
[White "Didi, Jan"]
[Black "Kondula, Dominik"]
[Result "1-0"]
[WhiteFideId "312428"]
[BlackFideId "361399"]
[WhiteElo "1942"]
[BlackElo "1757"]
[PlyCount "0"]
[WhiteTeam "TJ Ostrava B"]
[BlackTeam "SK Slavoj Poruba E"]
[EventDate "2023.10.22"]

1. e4 d5 2. exd5 Qxd5 3. Nc3 Qa5 4. d4 c6 5. h3 Bf5 6. Nf3 e6 7. Bd3 Bxd3 8.
Qxd3 Nd7 9. O-O Ngf6 10. Bf4 Be7 11. Rfe1 Nd5 12. Nxd5 cxd5 13. c3 h6 14. Ne5
Nxe5 15. Bxe5 Bf6 16. Bxf6 gxf6 17. Qf3 Ke7 18. c4 Rad8 19. b4 Qxb4 20. Rab1
Qxc4 21. Qa3+ Ke8 22. Rxb7 Rd7 23. Rb8+ Rd8 24. Rxd8+ Kxd8 25. Rc1 1-0

[Event "KP MKSS 23/24, Ostrava-Poruba E"]
[Site ""]
[Date "2024.01.07"]
[Round "5.6"]
[White "Svoboda, Petr"]
[Black "Chrostek, Lukas"]
[Result "0-1"]
[WhiteFideId "311189"]
[BlackFideId "334553"]
[WhiteElo "2032"]
[BlackElo "1864"]
[PlyCount "0"]
[WhiteTeam "SK Slavoj Poruba E"]
[BlackTeam "TJ Ostrava B"]
[EventDate "2023.10.22"]

1. Nf3 d5 2. b3 c5 3. e3 Nc6 4. Bb5 Bd7 5. Bxc6 Bxc6 6. Bb2 e6 7. O-O Nf6 8. d3
Bd6 9. Ne5 Bb5 10. a4 Ba6 11. f4 O-O 12. Nd2 b6 13. Ng4 Be7 14. Ne5 Rc8 15. Qf3
Nd7 16. Qh3 Nxe5 17. fxe5 c4 18. bxc4 dxc4 19. Ne4 cxd3 20. Nf6+ Bxf6 21. exf6
Re8 22. fxg7 dxc2 23. Rfe1 Qg5 24. Qf3 e5 25. a5 b5 26. Rf1 Qxg7 27. Rf2 e4 28.
Bxg7 exf3 29. Bb2 Rxe3 30. gxf3 b4 31. Bc1 Re2 32. Rxe2 Bxe2 33. Kf2 Bd1 34.
Ke3 Rc5 35. Ra4 b3 36. f4 Rh5 37. a6 Rxh2 38. Ra5 Re2+ 39. Kd3 Re6 40. f5 Rd6+
41. Ke3 f6 42. Rc5 Rxa6 0-1

[Event "KP MKSS 23/24, Ostrava-Poruba E"]
[Site ""]
[Date "2024.01.07"]
[Round "5.7"]
[White "Skola, Miroslav"]
[Black "Vaclavik, David"]
[Result "1/2-1/2"]
[WhiteFideId "305413"]
[BlackFideId "335479"]
[WhiteElo "2022"]
[BlackElo "2054"]
[PlyCount "0"]
[WhiteTeam "TJ Ostrava B"]
[BlackTeam "SK Slavoj Poruba E"]
[EventDate "2023.10.22"]

1. e4 c5 2. c3 d5 3. exd5 Qxd5 4. d4 Nc6 5. Nf3 Nf6 6. Be3 Ng4 7. Be2 Nxe3 8.
fxe3 g6 9. Nbd2 Bh6 10. e4 Qh5 11. O-O O-O 12. d5 Ne5 13. Nxe5 Qxe5 14. Bf3 Qf4
15. Nc4 b5 16. Na5 Qc7 17. Nb3 a5 18. Re1 Bf4 19. g3 Be5 20. Rc1 h5 21. Qe2 Bd7
22. Qf2 Rac8 23. Rc2 a4 24. Nc1 c4 25. a3 1/2-1/2

[Event "KP MKSS 23/24, DB-Senov"]
[Site ""]
[Date "2024.01.07"]
[Round "5.1"]
[White "Rakus, Pavel"]
[Black "Nedela, Vlastimil"]
[Result "1/2-1/2"]
[WhiteFideId "321931"]
[BlackFideId "303259"]
[WhiteElo "2176"]
[BlackElo "2298"]
[PlyCount "0"]
[WhiteTeam "SK TJ Dolni Benesov"]
[BlackTeam "SK Senov"]
[EventDate "2023.10.22"]

1. Nf3 Nf6 2. g3 b6 3. Bg2 Bb7 4. O-O c5 5. c4 e6 6. d4 cxd4 7. Nxd4 Bxg2 8.
Kxg2 Qc7 9. b3 Be7 10. Nd2 a6 11. N2f3 1/2-1/2

[Event "KP MKSS 23/24, DB-Senov"]
[Site ""]
[Date "2024.01.07"]
[Round "5.2"]
[White "Mrva, Marek"]
[Black "Suchanek, Miroslav"]
[Result "1-0"]
[WhiteFideId "316288"]
[BlackFideId "306983"]
[WhiteElo "2054"]
[BlackElo "2052"]
[PlyCount "0"]
[WhiteTeam "SK Senov"]
[BlackTeam "SK TJ Dolni Benesov"]
[EventDate "2023.10.22"]

1. e4 e6 2. d4 d5 3. Nc3 Bb4 4. exd5 exd5 5. Bd3 Ne7 6. Qh5 Nbc6 7. Nge2 Be6 8.
a3 Ba5 9. O-O Qd7 10. Na4 O-O-O 11. Nc5 Qe8 12. c3 g6 13. Qf3 h5 14. Nxe6 fxe6
15. b4 Bb6 16. a4 a5 17. b5 Na7 18. Bg5 Rd6 19. Nf4 Nf5 20. Rfe1 Qf7 21. Re5 c6
22. Rae1 Re8 23. h3 h4 24. Qg4 c5 25. c4 dxc4 26. dxc5 cxd3 27. cxd6 d2 28. Rd1
Bd4 29. Rxd2 Kd7 30. Re4 e5 31. Nd3 b6 32. Be3 Kxd6 33. Nxe5 Rxe5 34. Bf4 Kc7
35. Rdxd4 1-0

[Event "KP MKSS 23/24, DB-Senov"]
[Site ""]
[Date "2024.01.07"]
[Round "5.3"]
[White "Kucera, Tomas"]
[Black "Pacl, Vaclav"]
[Result "0-1"]
[WhiteFideId "395390"]
[BlackFideId "302031"]
[WhiteElo "1995"]
[BlackElo "1950"]
[PlyCount "0"]
[WhiteTeam "SK TJ Dolni Benesov"]
[BlackTeam "SK Senov"]
[EventDate "2023.10.22"]

1. e4 c6 2. d4 d5 3. exd5 cxd5 4. c4 Nf6 5. Nc3 g6 6. Nf3 Bg7 7. c5 O-O 8. Bd3
Nc6 9. h3 b6 10. Bb5 Bd7 11. Bxc6 Bxc6 12. Ne5 Rc8 13. Nxc6 Rxc6 14. cxb6 Re6+
15. Be3 Qxb6 16. Qd2 Ne4 17. Nxe4 Rxe4 18. O-O Bxd4 19. Bh6 Rd8 20. Rac1 Qxb2
21. Rc2 Qb6 22. Rfc1 Re6 23. Rc8 Red6 24. R1c6 Qb1+ 25. Rc1 Qe4 26. R8c7 Bb6
27. Rc8 Qe6 28. Rxd8+ Rxd8 29. Re1 Qd7 30. a4 f6 31. a5 Bc7 32. h4 e5 33. h5 e4
34. Rb1 Rb8 35. Rxb8+ Bxb8 36. g3 Be5 37. Qb4 Bd6 38. Qb3 Qc6 39. a6 g5 40. Qb2
Be5 41. Qb4 Bd6 42. Qa5 Be7 43. Qa2 Kf7 44. Qb3 Qxa6 45. Qxd5+ Qe6 46. Qb7 e3
0-1

[Event "KP MKSS 23/24, DB-Senov"]
[Site ""]
[Date "2024.01.07"]
[Round "5.4"]
[White "Kolar, Stanislav"]
[Black "Zak, Pavel"]
[Result "1/2-1/2"]
[WhiteFideId "310964"]
[BlackFideId "331538"]
[WhiteElo "1912"]
[BlackElo "1985"]
[PlyCount "0"]
[WhiteTeam "SK Senov"]
[BlackTeam "SK TJ Dolni Benesov"]
[EventDate "2023.10.22"]

1. Nf3 d5 2. g3 c5 3. Bg2 Nc6 4. d4 Nf6 5. O-O Bf5 6. h3 e6 7. c3 Qb6 8. b3 Ne4
9. Bb2 Be7 10. Nbd2 O-O 11. Ne5 Nxd2 12. Qxd2 cxd4 13. Nxc6 Qxc6 14. c4 Be4 15.
Qxd4 Bf6 16. cxd5 Bxd4 17. dxc6 Bxg2 18. cxb7 Rab8 19. Bxd4 Bxf1 20. Kxf1 Rxb7
21. Rc1 f6 22. Rc6 e5 23. Bc5 Rd8 24. e4 Kf7 25. Ra6 Rdd7 26. Ke2 Ke8 27. b4
Kd8 28. f4 exf4 29. gxf4 Kc8 30. e5 fxe5 31. fxe5 g5 32. e6 Rg7 33. Kf3 h5 34.
Bf8 Rgc7 35. e7 Rxe7 36. Bxe7 Rxe7 37. Rg6 Re5 38. Rg7 Kb8 39. a4 a6 40. Rh7
g4+ 41. hxg4 1/2-1/2

[Event "KP MKSS 23/24, DB-Senov"]
[Site ""]
[Date "2024.01.07"]
[Round "5.5"]
[White "Krupa, Radim"]
[Black "Kozelsky, Marek"]
[Result "1-0"]
[WhiteFideId "347108"]
[BlackFideId "382833"]
[WhiteElo "1969"]
[BlackElo "1915"]
[PlyCount "0"]
[WhiteTeam "SK TJ Dolni Benesov"]
[BlackTeam "SK Senov"]
[EventDate "2023.10.22"]

1. e4 c5 2. Nc3 Nc6 3. f4 d6 4. Nf3 g6 5. d3 Bg7 6. g3 e6 7. Bg2 Nge7 8. O-O
O-O 9. Be3 a6 10. Qd2 Nd4 11. Nd1 Qc7 12. c3 Nxf3+ 13. Bxf3 d5 14. e5 b5 15.
Qf2 c4 16. d4 Bd7 17. Bd2 a5 18. Ne3 Nc6 19. g4 Ne7 20. f5 f6 21. exf6 Bxf6 22.
fxg6 Nxg6 23. Nxd5 exd5 24. Bxd5+ Kg7 25. Bxa8 Bh4 26. Qg2 Rxa8 27. Qxa8 Bc6
28. Qa6 Qd7 29. Rf5 Ne7 30. Raf1 Nxf5 31. Rxf5 h5 32. h3 hxg4 33. hxg4 Kg8 34.
d5 Qd6 35. Qc8+ 1-0

[Event "KP MKSS 23/24, DB-Senov"]
[Site ""]
[Date "2024.01.07"]
[Round "5.6"]
[White "Pohludka, Ondrej"]
[Black "Snyta, Zdenek"]
[Result "1/2-1/2"]
[WhiteFideId "337927"]
[BlackFideId "315834"]
[WhiteElo "1845"]
[BlackElo "1979"]
[PlyCount "0"]
[WhiteTeam "SK Senov"]
[BlackTeam "SK TJ Dolni Benesov"]
[EventDate "2023.10.22"]

1. c4 e5 2. Nc3 f5 3. d3 Bb4 4. a3 Bxc3+ 5. bxc3 d6 6. g3 Bd7 7. Bg2 Bc6 8.
Bxc6+ Nxc6 9. Rb1 Rb8 10. Qa4 Qd7 11. Nf3 b6 12. Bd2 Na5 13. Qxd7+ Kxd7 14. Kd1
Nf6 15. h3 h6 16. Nh4 Ke6 17. Ng6 Rhe8 18. f3 Nd7 19. Kc2 Nf8 20. Nxf8+ Rxf8
21. Rh2 Rf7 22. Rf2 Rbf8 23. Rbf1 c6 24. Be1 d5 25. cxd5+ cxd5 26. Kb2 Nb7 27.
Bd2 Nd6 28. Kb3 Rc8 29. Rc1 e4 30. Bf4 Nb7 31. Be3 Rfc7 32. Bd4 Na5+ 33. Kb2
Nc6 34. Be3 g5 35. f4 Rg7 36. Rcf1 g4 37. Rh2 Rh8 38. Rfh1 gxh3 39. Rxh3 Rg6
40. Bf2 Rh7 41. Kc2 Ne7 42. Rb1 Kf7 43. Rb5 h5 44. a4 Rhh6 45. Rb1 Rc6 46. Rbh1
Kg6 47. Ra1 1/2-1/2

[Event "KP MKSS 23/24, DB-Senov"]
[Site ""]
[Date "2024.01.07"]
[Round "5.7"]
[White "Pavera, Vit"]
[Black "Siwek, Antonin"]
[Result "1-0"]
[WhiteFideId "349623"]
[BlackFideId "345725"]
[WhiteElo "1986"]
[BlackElo "1785"]
[PlyCount "0"]
[WhiteTeam "SK TJ Dolni Benesov"]
[BlackTeam "SK Senov"]
[EventDate "2023.10.22"]

1. e4 c5 2. Nc3 Nc6 3. f4 g6 4. Nf3 Bg7 5. g3 d6 6. Bg2 Bd7 7. O-O Rb8 8. d3 b5
9. Ne2 Nf6 10. c3 O-O 11. h3 c4 12. Be3 cxd3 13. Qxd3 b4 14. c4 Qc7 15. Rad1
Rfd8 16. b3 Be8 17. Qc2 Nd7 18. Nfd4 Nxd4 19. Bxd4 Nc5 20. Bxg7 Kxg7 21. Nd4
Qb6 22. Kh2 Ne6 23. Qb2 Nxd4 24. Qxd4+ Qxd4 25. Rxd4 Bc6 26. Rfd1 Rdc8 27. e5
Bxg2 28. Kxg2 dxe5 29. fxe5 Rc7 30. Rd7 Rbb7 31. Rxc7 Rxc7 32. Kf3 f6 33. Ke4
Kf7 34. Rd8 Ke6 35. exf6 exf6 36. Rb8 a5 37. Rb6+ Ke7 38. Rb5 Ra7 39. Kd5 Rd7+
40. Kc6 Rd3 41. Rxa5 Rxg3 42. Ra7+ Ke6 43. Rxh7 Rg2 44. Kb6 f5 45. c5 f4 46. c6
Rc2 47. Rg7 Kf6 48. Rg8 Kf7 49. Rd8 f3 50. Rd3 f2 51. Rf3+ Ke7 52. Kb5 Rxa2 53.
Kxb4 Rc2 54. Kb5 Kd6 55. b4 Rxc6 56. Rxf2 Rc3 57. Kb6 Rxh3 58. Rf6+ Kd7 59.
Rxg6 Rh8 60. b5 Rb8+ 61. Ka6 Ra8+ 62. Kb7 Ra2 63. Rg1 Kd8 64. Rd1+ Ke7 65. Rd4
Ra1 66. b6 Ra2 67. Kb8 Rb2 68. b7 Ra2 69. Kc7 Rc2+ 70. Kb6 Rb2+ 71. Kc6 Rc2+
72. Kb5 1-0

[Event "KP MKSS 23/24, DB-Senov"]
[Site ""]
[Date "2024.01.07"]
[Round "5.8"]
[White "Vasek, Vladimir"]
[Black "Kocur, Valter"]
[Result "0-1"]
[WhiteFideId "317683"]
[BlackFideId "314200"]
[WhiteElo "1889"]
[BlackElo "1856"]
[PlyCount "0"]
[WhiteTeam "SK Senov"]
[BlackTeam "SK TJ Dolni Benesov"]
[EventDate "2023.10.22"]

1. e4 c5 2. Nf3 e6 3. c3 Nf6 4. e5 Nd5 5. d4 cxd4 6. cxd4 d6 7. Bc4 dxe5 8.
dxe5 Bb4+ 9. Bd2 O-O 10. O-O Bxd2 11. Qxd2 Nc6 12. Nc3 Nxc3 13. Qxc3 Qe7 14.
Rad1 Rd8 15. a3 Rxd1 16. Rxd1 Bd7 17. Bd3 Be8 18. b4 a6 19. Qc4 f6 20. exf6
Qxf6 21. Re1 Bf7 22. h4 e5 23. Qc2 h6 24. Be4 Re8 25. Qc5 Nd8 26. Qc7 b5 27.
Rd1 Ne6 28. Qc6 Qf4 29. g3 Qg4 30. Rd7 Nd8 31. Qd6 Qxe4 32. Rxd8 Qxf3 33. Qxe5
0-1

[Event "KP MKSS 23/24, BSS-Orlova"]
[Site ""]
[Date "2024.01.07"]
[Round "5.1"]
[White "Nytra, Ondrej"]
[Black "Zabystrzan, Pavel"]
[Result "1/2-1/2"]
[WhiteFideId "371955"]
[BlackFideId "301337"]
[WhiteElo "2153"]
[BlackElo "2119"]
[PlyCount "0"]
[WhiteTeam "BSS Frydek-Mistek D"]
[BlackTeam "SK Slavia Orlova C"]
[EventDate "2023.10.22"]

1. e4 c6 2. d4 d5 3. e5 Bf5 4. h4 h5 5. c4 e6 6. Nc3 Nd7 7. cxd5 cxd5 8. Bd3
Bxd3 9. Qxd3 Nh6 10. Nf3 Be7 11. g3 g6 12. Bd2 Nf5 13. Kf1 Kf8 14. Kg2 Kg7 15.
Nd1 Qb6 16. Ne3 Rac8 17. Nxf5+ exf5 18. b4 Nf8 19. Rhc1 Ne6 20. a3 Rhd8 21.
Rc3 Rxc3 22. Qxc3 Rd7 23. Rc1 Rc7 24. Qb2 Rxc1 25. Bxc1 Qc6 26. Be3 b6 27. Qb3
b5 28. Nd2 Bxh4 29. gxh4 f4 30. Nf1 fxe3 31. Nxe3 1/2-1/2

[Event "KP MKSS 23/24, BSS-Orlova"]
[Site ""]
[Date "2024.01.07"]
[Round "5.2"]
[White "Mrazek, Roman"]
[Black "Stepan, Patrik"]
[Result "0-1"]
[WhiteFideId "23707062"]
[BlackFideId "358444"]
[WhiteElo "1923"]
[BlackElo "2218"]
[PlyCount "0"]
[WhiteTeam "SK Slavia Orlova C"]
[BlackTeam "BSS Frydek-Mistek D"]
[EventDate "2023.10.22"]

1. e4 c5 2. Nf3 Nc6 3. d4 cxd4 4. Nxd4 e5 5. Nb5 a6 6. Nd6+ Bxd6 7. Qxd6 Qe7
8. Qxe7+ Ngxe7 9. c3 d5 10. exd5 Nxd5 11. Be2 Be6 12. O-O O-O 13. Na3 f5 14.
Nc2 Rad8 15. Rd1 h6 16. Bd2 Rd7 17. c4 Nf6 18. Be3 Rfd8 19. b3 Nd4 20. Bxd4
exd4 21. Bd3 Ne4 22. Re1 Nc5 23. Rad1 f4 24. f3 Kf7 25. Kf2 Kf6 26. h4 a5 27.
Na3 b6 28. Nb5 a4 29. Be4 axb3 30. Bc6 Re7 31. Nxd4 bxa2 32. Bb5 a1=Q 0-1

[Event "KP MKSS 23/24, BSS-Orlova"]
[Site ""]
[Date "2024.01.07"]
[Round "5.3"]
[White "Trojan, Matyas"]
[Black "Sikora, Matous"]
[Result "0-1"]
[WhiteFideId "23710764"]
[BlackFideId "366714"]
[WhiteElo "1964"]
[BlackElo "2082"]
[PlyCount "0"]
[WhiteTeam "BSS Frydek-Mistek D"]
[BlackTeam "SK Slavia Orlova C"]
[EventDate "2023.10.22"]

1. e4 e6 2. d4 d5 3. Nc3 Bb4 4. e5 c5 5. a3 Bxc3+ 6. bxc3 Qa5 7. Bd2 Qa4 8.
Qg4 Kf8 9. Nf3 Ne7 10. Be2 b6 11. O-O Ba6 12. Rfe1 Bxe2 13. Rxe2 Nbc6 14. Be3
Nf5 15. h3 Qc4 16. Rae1 cxd4 17. Bxd4 Kg8 18. Qf4 h6 19. g4 Nfe7 20. h4 Ng6
21. Qd2 h5 22. Qg5 hxg4 23. Qxg4 Nge7 24. h5 Nf5 25. Rd2 Rc8 26. Nh4 Nce7 27.
f3 Nxh4 28. Qxh4 Nf5 29. Qg4 Kh7 30. Rg2 Rhg8 31. Kh2 Qc7 32. Rh1 Qe7 33. Kg1
Nh6 34. Qf4 Qxa3 35. Rh3 Qa1+ 36. Kh2 Qe1 37. Rhg3 Nf5 38. Rg4 Rc4 39. Qg5 Ra4
40. Rf4 Nh6 41. Kh3 Qh1+ 42. Rh2 Qc1 43. Rg2 Ra2 44. Rfg4 Rxc2 45. Rxc2 Qxc2
46. Rf4 Qc1 47. Kh2 Qd2+ 48. Kh3 Rc8 49. Qg3 Rc4 50. Kh4 Qd3 51. Kh3 Ra4 52.
Qg1 Ra2 53. Be3 Re2 54. Bc1 Rxe5 0-1

[Event "KP MKSS 23/24, BSS-Orlova"]
[Site ""]
[Date "2024.01.07"]
[Round "5.4"]
[White "Sieber, Martin"]
[Black "Weissmann, Lukas"]
[Result "1/2-1/2"]
[WhiteFideId "327590"]
[BlackFideId "315087"]
[WhiteElo "2025"]
[BlackElo "2100"]
[PlyCount "0"]
[WhiteTeam "SK Slavia Orlova C"]
[BlackTeam "BSS Frydek-Mistek D"]
[EventDate "2023.10.22"]

1. b4 e5 2. Bb2 Bxb4 3. Bxe5 Nf6 4. Nf3 Nc6 5. Bc3 d5 6. e3 O-O 7. Be2 a5 8.
O-O Ne4 9. Bb2 Bd6 10. d3 Nc5 11. Nc3 Be6 12. Nb5 Na4 13. Bd4 Nxd4 14. Nfxd4
c6 15. Nxe6 fxe6 16. Nxd6 Qxd6 17. c4 Nc3 18. Qc2 Nxe2+ 19. Qxe2 b5 20. f4
bxc4 21. dxc4 Rab8 22. Rac1 Rb4 1/2-1/2

[Event "KP MKSS 23/24, BSS-Orlova"]
[Site ""]
[Date "2024.01.07"]
[Round "5.5"]
[White "Milat, Patrik"]
[Black "Horvath, Tomas"]
[Result "1-0"]
[WhiteFideId "322512"]
[BlackFideId "358630"]
[WhiteElo "2036"]
[BlackElo "2044"]
[PlyCount "0"]
[WhiteTeam "BSS Frydek-Mistek D"]
[BlackTeam "SK Slavia Orlova C"]
[EventDate "2023.10.22"]

1. d4 Nf6 2. c4 e6 3. Nf3 Bb4+ 4. Bd2 a5 5. a3 Be7 6. Nc3 d5 7. Qc2 c5 8. cxd5
exd5 9. dxc5 Bxc5 10. Bg5 Be6 11. e4 d4 12. Nb5 Na6 13. e5 h6 14. exf6 hxg5
15. fxg7 Rg8 16. Qh7 f6 17. Bd3 Qe7 18. O-O Rxg7 19. Qe4 O-O-O 20. Rfe1 Bd5
21. Qg4+ Kb8 22. Rxe7 Rxe7 23. Nfxd4 Bf7 24. Rc1 Red7 25. Qg3+ Ka8 26. Rxc5
Nxc5 27. Nc7+ Ka7 28. Ncb5+ Ka8 29. h3 Re7 30. b4 Re1+ 31. Kh2 axb4 32. axb4
Na6 33. Nc7+ Nxc7 34. Qxc7 Rxd4 35. Qc8+ 1-0

[Event "KP MKSS 23/24, BSS-Orlova"]
[Site ""]
[Date "2024.01.07"]
[Round "5.6"]
[White "Kopecky, Bretislav"]
[Black "Bjolek, Jan"]
[Result "1/2-1/2"]
[WhiteFideId "314331"]
[BlackFideId "23725800"]
[WhiteElo "2000"]
[BlackElo "1834"]
[PlyCount "0"]
[WhiteTeam "SK Slavia Orlova C"]
[BlackTeam "BSS Frydek-Mistek D"]
[EventDate "2023.10.22"]

1. d4 d5 2. c4 e6 3. Nf3 Nf6 4. Bg5 Nbd7 5. e3 c6 6. cxd5 exd5 7. Bd3 Be7 8.
O-O O-O 9. Nc3 Re8 10. Qc2 Nf8 11. Rae1 g6 12. Ne5 Ne6 13. Bh4 Ng7 14. f3 Bf5
15. Bf2 Bxd3 16. Qxd3 Bd6 17. f4 Bf8 18. Bh4 Be7 19. Bxf6 Bxf6 20. Ne2 Nf5 21.
Rf3 Nd6 22. Ng3 Bh4 23. Ref1 Bxg3 24. Rxg3 Ne4 25. Rh3 f6 26. Nf3 Qe7 27. Nd2
Qb4 28. Nxe4 Rxe4 29. Qc3 Qxc3 30. bxc3 b5 31. Rb1 a5 32. a3 h5 33. Kf2 f5 34.
Ke2 1/2-1/2

[Event "KP MKSS 23/24, BSS-Orlova"]
[Site ""]
[Date "2024.01.07"]
[Round "5.7"]
[White "Buchta, Bartolomej"]
[Black "Sebesta, Jan"]
[Result "1-0"]
[WhiteFideId "23702885"]
[BlackFideId "372013"]
[WhiteElo "1803"]
[BlackElo "1920"]
[PlyCount "0"]
[WhiteTeam "BSS Frydek-Mistek D"]
[BlackTeam "SK Slavia Orlova C"]
[EventDate "2023.10.22"]

1. e4 e5 2. Nf3 Nc6 3. Bb5 a6 4. Ba4 Nf6 5. O-O Be7 6. Re1 b5 7. Bb3 O-O 8. c3
d6 9. h3 Na5 10. Bc2 c5 11. d4 cxd4 12. cxd4 Qc7 13. Bd2 Nc4 14. Bc3 Nd7 15.
a4 Rb8 16. b3 b4 17. bxc4 bxc3 18. Nxc3 Qxc4 19. Nd5 Bd8 20. Bd3 Qc6 21. Rc1
Qa8 22. Re2 Bb7 23. Bc4 Bxd5 24. Bxd5 Qa7 25. Rc6 Rb6 26. Rec2 Rxc6 27. Rxc6
Bc7 28. Ng5 exd4 29. Qh5 Nf6 30. Bxf7+ Kh8 31. Qh4 d3 32. Nxh7 Nxh7 33. Bg6
Qxf2+ 34. Qxf2 Rxf2 35. Kxf2 1-0

[Event "KP MKSS 23/24, BSS-Orlova"]
[Site ""]
[Date "2024.01.07"]
[Round "5.8"]
[White "Kopta, Jiri"]
[Black "Buchtova, Viktorie"]
[Result "1-0"]
[WhiteFideId "328910"]
[BlackFideId "23714786"]
[WhiteElo "1871"]
[BlackElo "1767"]
[PlyCount "0"]
[WhiteTeam "SK Slavia Orlova C"]
[BlackTeam "BSS Frydek-Mistek D"]
[EventDate "2023.10.22"]

1. e4 c5 2. Nc3 Nc6 3. f4 d6 4. Nf3 g6 5. a4 Bg7 6. Bb5 Bd7 7. O-O Nd4 8. d3
Bxb5 9. Nxb5 Nxb5 10. axb5 Qb6 11. c4 Nf6 12. Bd2 Nd7 13. Ba5 Bxb2 14. Bxb6
Bxa1 15. Qxa1 O-O 16. Ba5 1-0